Southville International School and Colleges
Your cart is empty.
  • Cart
  • Lists
    Public lists Eva Luna New books Lux_list list_1
    Your lists Log in to create your own lists
  • Log in to your account
  • Your cookies
  • Search history
Southville International School and Colleges
  • Advanced search
  • Recent comments
  • Most popular
  • Libraries

Log in to your account

Log in with GOOGLE


If you do not have an external account, but do have a local account, you can still log in:

  1. Home
  2. MARC view: Science magic with forces /
Normal view MARC view ISBD view

Science magic with forces / (Record no. 9450)

[ view plain ]
MARC details
000 -LEADER
fixed length control field 00723nam a22002417a 4500
003 - CONTROL NUMBER IDENTIFIER
control field 24.138.161.246
005 - DATE AND TIME OF LATEST TRANSACTION
control field 20140310182115.0
008 - FIXED-LENGTH DATA ELEMENTS--GENERAL INFORMATION
fixed length control field 130318t xxu||||| |||| 00| 0 eng d
020 ## - INTERNATIONAL STANDARD BOOK NUMBER
International Standard Book Number 0812091914
050 ## - LIBRARY OF CONGRESS CALL NUMBER
Classification number GV 1548
Item number .Ox955 1995
082 ## - DEWEY DECIMAL CLASSIFICATION NUMBER
Classification number GS 793.8
Item number Ox4 1994
100 ## - MAIN ENTRY--PERSONAL NAME
Personal name Oxlade,Chris
9 (RLIN) 13052
245 ## - TITLE STATEMENT
Title Science magic with forces /
Statement of responsibility, etc Chris Oxlade
250 ## - EDITION STATEMENT
Edition statement 1st ed.
260 ## - PUBLICATION, DISTRIBUTION, ETC. (IMPRINT)
Place of publication, distribution, etc Hauppauge, NY
Name of publisher, distributor, etc Barron's
Date of publication, distribution, etc 1994, c1993
300 ## - PHYSICAL DESCRIPTION
Extent 30 p.:
Other physical details ill.col. ;
Dimensions 25.9 cm.
650 ## - SUBJECT ADDED ENTRY--TOPICAL TERM
Topical term or geographic name as entry element Conjuring
General subdivision Juvenile literature
9 (RLIN) 14017
650 ## - SUBJECT ADDED ENTRY--TOPICAL TERM
Topical term or geographic name as entry element Force and energy
General subdivision Juvenile literature
9 (RLIN) 14018
650 ## - SUBJECT ADDED ENTRY--TOPICAL TERM
Topical term or geographic name as entry element Scientific recreation
9 (RLIN) 14019
650 ## - SUBJECT ADDED ENTRY--TOPICAL TERM
Topical term or geographic name as entry element Force and energy
9 (RLIN) 14020
942 ## - ADDED ENTRY ELEMENTS (KOHA)
Source of classification or shelving scheme Library of Congress Classification
Koha item type
Holdings
Withdrawn status Lost status Source of classification or shelving scheme Damaged status Home library Current library Shelving location Date acquired Source of acquisition Total Checkouts Full call number Barcode Date last seen Copy number Price effective from Koha item type Public note
    Library of Congress Classification   Luxembourg Library Luxembourg Library Grade School Section 08/27/2013 Donation   GV 1548 .Ox955 1995 11860 10/28/2015 1 08/27/2013 Books found

Science magic with forces /

APA

Oxlade C., . (19941993). Science magic with forces. Hauppauge, NY: Barron's.

Chicago

Oxlade Chris, . 19941993. Science magic with forces. Hauppauge, NY: Barron's.

Harvard

Oxlade C., . (19941993). Science magic with forces. Hauppauge, NY: Barron's.

MLA

Oxlade Chris, . Science magic with forces. Hauppauge, NY: Barron's. 19941993.

  • Place hold
  • Print
  • Cite
  • Add to your cart (remove)
  • Save record
    BIBTEX Dublin Core MARCXML MARC (non-Unicode/MARC-8) MARC (Unicode/UTF-8) MARC (Unicode/UTF-8, Standard) MODS (XML) RIS
  • More searches
    Search for this title in:
    Other Libraries (WorldCat) Other Databases (Google Scholar) Online Stores (Bookfinder.com) Open Library (openlibrary.org)

Exporting to Dublin Core...

SOUTHVILLE LIBRARY

Southville International School and Colleges Library

1281 Tropical Ave. Cor. Luxembourg St., BF Homes International, Las Pinas City

Tel. No. 8256374 / 252358 Loc. 117/146

Powered by Koha